[Event "CZE-ch U14"]
[Site "Harrachov"]
[Date "2024.10.29"]
[Round "5"]
[White "Padivy, Jan"]
[Black "Buvalic, Josef"]
[Result "1/2-1/2"]
[WhiteElo "1613"]
[BlackElo "1274"]
[PlyCount "95"]
[EventDate "2024.10.26"]
[EventType "swiss"]
[EventRounds "9"]
[EventCountry "CZE"]
[SourceTitle "CB45_2024"]
[Source "ChessBase"]
[SourceDate "2024.11.06"]
[SourceVersion "1"]
[SourceVersionDate "2024.11.06"]
[SourceQuality "1"]

1. d4 Nf6 2. c4 e6 3. Nc3 b6 4. Bg5 Bb7 5. e3 Be7 6. Nge2 0-0 7. Nf4 d6 8. Rc1 Nbd7 9. Bxf6 Nxf6 10. d5 e5 11. Nd3 Bc8 12. Be2 Bf5 13. Nb4 Ne4 14. Nxe4 Bxe4 15. 0-0 Qd7 16. Nc6 Bg5 17. Bg4 f5 18. Bf3 Bxf3 19. Qxf3 f4 20. Qh5 Bh6 21. exf4 Rxf4 22. Rc3 a5 23. Rg3 Rf6 24. Rh3 Raf8 25. g4 Rg6 26. Kh1 Rxg4 27. Rg3 Rxg3 28. hxg3 Kh8 29. Kg2 Rf5 30. Qh3 Qf7 31. Ne7 Rf6 32. Qc8+ Qf8 33. Qxf8+ Rxf8 34. Rh1 Rf7 35. Nc6 Bg5 36. Re1 h6 37. a3 Kh7 38. b4 axb4 39. axb4 Rd7 40. Ra1 Bf6 41. Ra7 Kg6 42. Nb8 Rf7 43. Na6 Bd8 44. c5 bxc5 45. bxc5 dxc5 46. Nxc5 Be7 47. Rxc7 Bxc5 48. Rxc5 1/2-1/2